| 000 | 00356nam a22001217a 4500 | ||
|---|---|---|---|
| 999 |
_c4659 _d4659 |
||
| 008 | 250307b ||||| |||| 00| 0 eng d | ||
| 020 | _a9781846439896 | ||
| 082 | _aE FIC SPA | ||
| 100 |
_aSPANYOL,JESSICA _eAUTHOR |
||
| 245 | _aCLIVE IS A LIBRARIAN | ||
| 260 |
_aASHWORTH RD,BRIDGEMEAD,SWINDON SN5 7YD,UK _bCHILD'S PLAY(INTERNATIONAL) LTD _c2017 |
||
| 942 | _2ddc | ||